Responses for Show #1330 - Friday, May 18, 1990

1990 College Championship final game 2.
The Double Jeopardy! board is seen on the cover of The Jeopardy! Book.

Contestants

[<< previous game]

David Honea, a junior from North Carolina State (subtotal of $3,500)

Michael Thayer, a junior from Rutgers College (subtotal of $10,000)

Amy Zucker, a senior from Wesleyan University (Connecticut) (subtotal of $0)

[next game >>]

Jeopardy! Round responses

STATE "C"APITALS
ACTORS & ACTRESSES
GAMES
IN THE DICTIONARY
WEATHER
MYTHOLOGY
    $100 2
Columbus

Amy
    $100 11
Fred Savage

Michael
    $100 12
Hopscotch

Michael
    $100 17
Ghostwriter

Amy
    $100 22
Dew

David
    $100 6
Thisbe

Michael
    $200 3
Concord

Amy
    $2,300 27
(D: Who is William Shatner?)

Leonard Nimoy

David
    $200 13
Checkers

David
    $200 18
Bumble

David
    $200 23
Drought

Amy
    $200 7
Atlas

Amy
    $300 4
Columbia (University of South Carolina)

David
    $300 28
Gerald McRaney

Triple Stumper
    $300 14
Electric Company & Water Works

David
    $300 19
Coven

Michael
    $300 24
Snow

David
    $300 8
Mercury/Hermes

Amy
    $400 1
Carson City, Nevada

Michael
    $400 29
Richard Chamberlain

David
    $400 15
Blind Man's Bluff

Amy
    $400 20
Arabesque

Michael
    $400 25
West

David
    $400 9
Echo

Amy
    $500 5
Cheyenne, Wyoming

Michael
    $500 30
Winona Ryder

Amy
    $500 16
Hearts

Michael
    $500 21
Wolf

Michael
    $500 26
Hurricane

David
    $500 10
Sisyphus

Amy

Scores at the first commercial break (after clue 16):

Amy Michael David
$2,100 $1,700 $800

Scores at the end of the Jeopardy! Round:

Amy Michael David
$2,900 $2,900 $400

Double Jeopardy! Round responses

THE UNIVERSE
OPERA
THE 18th CENTURY
WORLD TRAVEL
MEDICINE
NAME THE AUTHOR
    $200 1
Rings

Amy
    $200 26
John the Baptist

Amy
    $200 11
Silk

Amy
    $200 6
(D: What is Iraq?)

Greece

David
Triple Stumper
    $200 21
Acupuncture

David
    $200 12
Stephen King

David
    $400 2
Carbon dioxide

David
    $400 27
Isolde

Amy
    $400 13
Switzerland

Michael
    $400 7
Black Forest

Michael
    $400 22
Mononucleosis

Amy
    $400 17
Colleen McCullough

Triple Stumper
    $600 3
Black hole

David
    $600 28
Der Rosenkavalier

Amy
    $600 14
Spain

Michael
    $600 8
Hyde Park

Michael
    $600 23
Vertebrae

Michael
    $600 18
William Faulkner

Amy
    $800 4
(A: What is an aurora?)

Corona

AmyDavid
    $800 29
Faust

Michael
    $4,000 15
(M: Who is Sir Francis Drake?)

Captain James Cook

Michael
    $1,300 9
Italian

Michael
    $800 24
Mushrooms

David
    $800 19
Judith Krantz

David
    $1000 5
Parallax Method

Triple Stumper
    $1000 30
Rouen

Triple Stumper
    $1000 16
India

Michael
    $1000 10
Eugene Fodor

Michael
    $1000 25
Anabolic steroids

David
    $1000 20
William Henry Hudson

Triple Stumper

Scores at the end of the Double Jeopardy! Round:

Amy Michael David
$4,700 $5,600 $5,000
(lock tournament)

[wagering suggestions for these scores]

Final Jeopardy! Round responses

THE SUPREME COURT
(Alex: Michael, looks like you were watching that episode of "Cheers"!)
AmyWho was Warren?
$4,700
DavidWho was [To] Taft?
$5,000
MichaelWho was someone I never met?
$0
Oliver Wendell Holmes, Jr.

Final scores:

Amy Michael David
$0 $5,600 $0

Cumulative scores:

Amy Michael David
$0 $15,600 $3,500
2nd runner-up: $7,500 minimum Tournament champion: $25,000 minimum 1st runner-up: $10,000 minimum

Game dynamics:

Coryat scores:

Amy Michael David
$4,700 $9,100 $7,300
17 R,
1 W
18 R
(including 1 DD),
1 W
(including 1 DD)
17 R,
2 W
(including 1 DD)

Combined Coryat: $21,100

[game clues] [game scores] [suggest correction]

Game tape date: 1990-04-22
The J! Archive is created by fans, for fans. Scraping, republication, monetization, and malicious use prohibited; this site may use cookies and collect identifying information. See terms. The Jeopardy! game show and all elements thereof, including but not limited to copyright and trademark thereto, are the property of Jeopardy Productions, Inc. and are protected under law. This website is not affiliated with, sponsored by, or operated by Jeopardy Productions, Inc. Join the discussion at JBoard.tv.